000 00445cam a22001097a 4500
008 180718b xxu||||| |||| 00| 0 eng d
082 _aT394x54 In2/1973-74/2
245 _aImport trade control policy ( for registered exporters)
_cby Ministry of Commerce, India
260 _aNew Delhi
_bGovernment of India Press
_c
500 _aContents: Library has : v.2(April 1973 - March 1974), v.2( April 1976- March 1977)
700 _aIndia. Ministry of Commerce
999 _c497992
_d497992